| 000 | 00606nam a2200169 a 4500 | ||
|---|---|---|---|
| 001 | 000039819 | ||
| 005 | 20201002033743.0 | ||
| 008 | 130723s1966 mx d 000 0 spa d | ||
| 040 |
_aDO-SdBNP _bspa _cBNPHU |
||
| 082 | _axxx | ||
| 100 | 1 |
_aHeilbroner, Robert L. _947771 |
|
| 240 | 1 | 0 |
_aUnderstanting macroeconomics _lespañol |
| 245 | 1 | 0 |
_aComprensión de la macroeconomía / _cRobert L. Heilbroner ; traducción Ruben Pimentel Rogerio. |
| 260 |
_aMéxico : _bUnion tipografica editorial HispanoA mericana, _c1966. |
||
| 300 |
_a228 p. : _bdiagrs. ; _c23 cm. |
||
| 700 | 1 |
_aPimentel Rogerio, Ruben, _etr. _966013 |
|
| 999 |
_c39309 _d39309 |
||